[Event "Nova Gorica op-A 16th"]
[Site "Nova Gorica"]
[Date "2011.01.30"]
[Round "4"]
[White "Menon, Carlo"]
[Black "Fantini, Marco"]
[Result "0-1"]
[WhiteElo "1770"]
[BlackElo "1963"]
[PlyCount "74"]
[EventDate "2011.01.28"]
[EventType "swiss"]
[EventRounds "9"]
[EventCountry "SLO"]
[SourceTitle "CBM 140 Extra"]
[Source "ChessBase"]
[SourceDate "2011.03.01"]
[SourceVersion "1"]
[SourceVersionDate "2011.03.01"]
[SourceQuality "1"]

1. e4 e5 2. f4 d5 3. exd5 e4 4. d3 Qxd5 5. Qe2 Nf6 6. dxe4 Qxe4 7. Nd2 Qxe2+ 8. Bxe2 Bf5 9. c3 Bc5 10. b4 Be7 11. Ngf3 a5 12. Nd4 Bg4 13. bxa5 Bxe2 14. Kxe2 Rxa5 15. Bb2 0-0 16. Kf3 Nbd7 17. a4 Rfa8 18. Rhe1 Bf8 19. g4 Rxa4 20. g5 Rxa1 21. Rxa1 Rxa1 22. Bxa1 Ne8 23. Ne4 Nd6 24. Nxd6 Bxd6 25. Nb5 Kf8 26. Nxd6 cxd6 27. Ke4 Ke7 28. h4 g6 29. c4 Ke6 30. Bc3 Nc5+ 31. Ke3 Kf5 32. Kf3 Nd3 33. Bg7 Nxf4 34. Bf8 d5 35. Bd6 Nd3 36. cxd5 Ne5+ 37. Kg3 Ke4 0-1

[Event "Udine Oro Caffe op 3rd"]
[Site "Udine"]
[Date "2010.07.05"]
[Round "1"]
[White "Fantini, Marco"]
[Black "Degano, Emanuele"]
[Result "1-0"]
[WhiteElo "1954"]
[BlackElo "1614"]
[PlyCount "42"]
[EventDate "2010.07.05"]
[EventType "swiss"]
[EventRounds "7"]
[EventCountry "ITA"]
[SourceTitle "EXT 2024"]
[Source "ChessBase"]
[SourceDate "2023.10.10"]
[SourceVersion "1"]
[SourceVersionDate "2023.10.10"]
[SourceQuality "1"]

1. d4 e6 2. e4 c6 3. Nc3 Nf6 4. e5 Nd5 5. Nxd5 exd5 6. Nf3 Be7 7. Bd3 d6 8. 0-0 Be6 9. Re1 dxe5 10. Nxe5 Nd7 11. Qh5 Nxe5 12. Rxe5 Qd7 13. Bg5 0-0-0 14. Bxe7 Qxe7 15. Bf5 Rd6 16. Rae1 g6 17. Bxe6+ Rxe6 18. Qh3 Kd7 19. Qb3 b6 20. Qa4 Kc8 21. Rxe6 fxe6 1-0

[Event "Udine Oro Caffe op 2nd"]
[Site "Udine"]
[Date "2009.07.06"]
[Round "1"]
[White "Fantini, Marco"]
[Black "Lippi, Agostino"]
[Result "1-0"]
[WhiteElo "2012"]
[BlackElo "1550"]
[PlyCount "45"]
[EventDate "2009.07.06"]
[EventType "swiss"]
[EventRounds "7"]
[EventCountry "ITA"]
[SourceTitle "EXT 2011"]
[Source "ChessBase"]
[SourceDate "2010.11.26"]
[SourceVersion "1"]
[SourceVersionDate "2010.11.26"]
[SourceQuality "1"]

1. d4 d5 2. Nf3 Nf6 3. e3 Bg4 4. Bd3 Nbd7 5. Nbd2 e6 6. 0-0 Bd6 7. Re1 0-0 8. e4 dxe4 9. Nxe4 Nxe4 10. Bxe4 Bxf3 11. Qxf3 c6 12. Qh3 f5 13. Bd3 Qf6 14. Bd2 Rae8 15. Bc3 Qe7 16. Re2 Nb6 17. Rae1 Rf6 18. Bd2 Nd5 19. g3 a6 20. Bg5 Nf4 21. gxf4 Rg6 22. Kf1 Qf7 23. Bxf5 1-0

[Event "Nova Gorica op-B 14th"]
[Site "Nova Gorica"]
[Date "2009.02.03"]
[Round "5"]
[White "Fantini, Marco"]
[Black "Kolaric, Spela"]
[Result "1-0"]
[WhiteElo "2019"]
[BlackElo "1894"]
[PlyCount "51"]
[EventDate "2009.01.31"]
[EventType "swiss"]
[EventRounds "9"]
[EventCountry "SLO"]
[SourceTitle "EXT 2011"]
[Source "ChessBase"]
[SourceDate "2010.11.26"]
[SourceVersion "1"]
[SourceVersionDate "2010.11.26"]
[SourceQuality "1"]

1. d4 d5 2. Nf3 Nf6 3. e3 Bf5 4. Bd3 Bxd3 5. cxd3 e6 6. 0-0 Bd6 7. Qb3 b6 8. Nc3 0-0 9. e4 dxe4 10. dxe4 Be7 11. Bf4 Nbd7 12. e5 Ne8 13. Rad1 Qc8 14. Qc4 Qb7 15. d5 exd5 16. Nxd5 Bd8 17. Nxc7 Nxe5 18. Bxe5 Bxc7 19. Rd7 Rc8 20. Rc1 Bxe5 21. Qxc8 Qxc8 22. Rxc8 Nf6 23. Rxf8+ Kxf8 24. Nxe5 Nxd7 25. Nxd7+ Ke7 26. Ne5 1-0

[Event "Nova Gorica op-B 13th"]
[Site "Nova Gorica"]
[Date "2008.01.31"]
[Round "8"]
[White "Laco, Giuseppe"]
[Black "Fantini, Marco"]
[Result "1-0"]
[WhiteElo "2154"]
[BlackElo "2061"]
[PlyCount "65"]
[EventDate "2008.01.26"]
[EventType "swiss"]
[EventRounds "9"]
[EventCountry "SLO"]
[SourceTitle "EXT 2010"]
[Source "ChessBase"]
[SourceDate "2010.11.25"]
[SourceVersion "1"]
[SourceVersionDate "2010.11.25"]
[SourceQuality "1"]

1. c4 e5 2. Nc3 Nf6 3. e4 Bb4 4. d3 d6 5. Be2 c6 6. Qb3 Na6 7. a3 Bc5 8. Na4 Bd4 9. Nf3 Nc5 10. Qc2 Qa5+ 11. Nc3 Bxc3+ 12. bxc3 0-0 13. Bg5 Ne6 14. Bxf6 gxf6 15. 0-0 Nf4 16. Nh4 Qxc3 17. Qd1 d5 18. cxd5 cxd5 19. g3 Nxe2+ 20. Qxe2 dxe4 21. dxe4 Bh3 22. Rfc1 Qa5 23. Qh5 Rac8 24. Re1 Qc3 25. Qh6 Rc6 26. Red1 Rfc8 27. f3 Rd6 28. Kh1 Rxd1+ 29. Rxd1 Qb3 30. Rg1 Rc6 31. g4 b5 32. g5 f5 33. Qxc6 1-0

[Event "Nova Gorica op-B 13th"]
[Site "Nova Gorica"]
[Date "2008.01.29"]
[Round "6"]
[White "Vrban, Rok"]
[Black "Fantini, Marco"]
[Result "0-1"]
[WhiteElo "1934"]
[BlackElo "2061"]
[PlyCount "56"]
[EventDate "2008.01.26"]
[EventType "swiss"]
[EventRounds "9"]
[EventCountry "SLO"]
[SourceTitle "EXT 2010"]
[Source "ChessBase"]
[SourceDate "2010.11.25"]
[SourceVersion "1"]
[SourceVersionDate "2010.11.25"]
[SourceQuality "1"]

1. e4 e6 2. d4 d5 3. Nc3 Nf6 4. Bg5 Be7 5. e5 Nfd7 6. Bxe7 Qxe7 7. f4 c5 8. Nb5 0-0 9. c3 Nc6 10. Nd6 cxd4 11. cxd4 f6 12. Nf3 fxe5 13. fxe5 Rxf3 14. Qxf3 Nxd4 15. Qc3 Nc6 16. Bb5 Ndxe5 17. Nxc8 Qh4+ 18. Qg3 Qb4+ 19. Qc3 Qe4+ 20. Kf2 Qf4+ 21. Ke1 Rxc8 22. Rf1 Qe4+ 23. Kf2 Ne7 24. Qxc8+ Nxc8 25. Kg1 Nd6 26. Rac1 h6 27. Be8 Nxe8 28. Rc8 Qg6 0-1

[Event "Nova Gorica op-B 13th"]
[Site "Nova Gorica"]
[Date "2008.01.27"]
[Round "4"]
[White "Di Lazzaro, Gabriele"]
[Black "Fantini, Marco"]
[Result "0-1"]
[WhiteElo "1910"]
[BlackElo "2061"]
[PlyCount "72"]
[EventDate "2008.01.26"]
[EventType "swiss"]
[EventRounds "9"]
[EventCountry "SLO"]
[SourceTitle "EXT 2010"]
[Source "ChessBase"]
[SourceDate "2010.11.25"]
[SourceVersion "1"]
[SourceVersionDate "2010.11.25"]
[SourceQuality "1"]

1. e4 e6 2. d4 d5 3. Nd2 Nf6 4. e5 Nfd7 5. c3 c5 6. Bd3 Nc6 7. Ne2 Qb6 8. Nf3 cxd4 9. cxd4 f6 10. exf6 Nxf6 11. 0-0 Bd6 12. Bg5 0-0 13. a3 Qxb2 14. Rb1 Qxa3 15. Rb5 Nb4 16. Bb1 Bd7 17. Rxb7 Bc6 18. Rxb4 Qxb4 19. Bxf6 gxf6 20. Qc2 Qb7 21. Ng3 Be8 22. Qe2 Qd7 23. Nh4 a5 24. Re1 a4 25. Qg4+ Kh8 26. Qh3 Bxg3 27. hxg3 f5 28. g4 fxg4 29. Qxg4 a3 30. Qe2 Qg7 31. Qd2 Ra4 32. Re5 Qf6 33. g3 Bb5 34. Qc2 Bd3 35. Qxd3 Qxf2+ 36. Kh1 Qf1+ 0-1

[Event "Nova Gorica op-B 12th"]
[Site "Nova Gorica"]
[Date "2007.01.31"]
[Round "9"]
[White "Skok, Joze"]
[Black "Fantini, Marco"]
[Result "1-0"]
[WhiteElo "2072"]
[BlackElo "2045"]
[PlyCount "75"]
[EventDate "2007.01.26"]
[EventType "swiss"]
[EventRounds "9"]
[EventCountry "SLO"]
[SourceTitle "CBM 116 Extra"]
[Source "ChessBase"]
[SourceDate "2007.03.07"]
[SourceVersion "1"]
[SourceVersionDate "2007.03.07"]
[SourceQuality "1"]

1. e4 e6 2. d4 d5 3. Nd2 Nf6 4. e5 Nfd7 5. Bd3 c5 6. c3 Nc6 7. Ne2 cxd4 8. cxd4 f6 9. exf6 Nxf6 10. Nf3 Bd6 11. 0-0 0-0 12. Bg5 e5 13. dxe5 Nxe5 14. Nxe5 Bxe5 15. h3 Qb6 16. Rb1 Ne4 17. Bxe4 dxe4 18. Qd5+ Qe6 19. Rfd1 Bc7 20. Nc3 Rf5 21. Qxe6+ Bxe6 22. Be3 Rf7 23. a3 Bb3 24. Rd4 Bb6 25. Rb4 Bxe3 26. fxe3 Bc2 27. Rc1 Bd3 28. Nxe4 b6 29. Rd4 Be2 30. Ng3 Ba6 31. Rcd1 Kf8 32. Rd7 Bb5 33. Rxf7+ Kxf7 34. Nf5 Bc6 35. Rd6 Rc8 36. Rd2 Kf6 37. Nd6 Rc7 38. Rc2 1-0

[Event "Nova Gorica op-B 12th"]
[Site "Nova Gorica"]
[Date "2007.01.29"]
[Round "7"]
[White "Jeran, Bostjan"]
[Black "Fantini, Marco"]
[Result "1/2-1/2"]
[WhiteElo "2119"]
[BlackElo "2045"]
[PlyCount "77"]
[EventDate "2007.01.26"]
[EventType "swiss"]
[EventRounds "9"]
[EventCountry "SLO"]
[SourceTitle "CBM 116 Extra"]
[Source "ChessBase"]
[SourceDate "2007.03.07"]
[SourceVersion "1"]
[SourceVersionDate "2007.03.07"]
[SourceQuality "1"]

1. e4 e6 2. d3 d5 3. Nd2 Nf6 4. Ngf3 c5 5. g3 Nc6 6. Bg2 dxe4 7. dxe4 e5 8. 0-0 Be7 9. c3 0-0 10. Re1 Be6 11. Qc2 Qc8 12. b3 Nd7 13. Nf1 b5 14. Ne3 Nb6 15. a4 bxa4 16. bxa4 Rd8 17. a5 Nc4 18. Nd5 Bf8 19. a6 Rb8 20. Ng5 Bd7 21. Qe2 Nd6 22. Ba3 h6 23. Nf3 Nb5 24. Bc1 Be6 25. Nd2 Ne7 26. Qc4 Nc7 27. Qe2 Nexd5 28. exd5 Bxd5 29. Bxd5 Rxd5 30. c4 Rd6 31. Ne4 Rxa6 32. Rxa6 Qxa6 33. Qg4 Qe6 34. Qh4 Be7 35. Qh5 Rb1 36. Nd2 Ra1 37. Nb3 Rb1 38. Nd2 Ra1 39. Nb3 1/2-1/2

[Event "Trieste op 08th"]
[Site "Trieste"]
[Date "2006.09.06"]
[Round "6"]
[White "Van der Plas, Rob"]
[Black "Fantini, Marco"]
[Result "1-0"]
[WhiteElo "2198"]
[BlackElo "2053"]
[PlyCount "73"]
[EventDate "2006.09.02"]
[EventType "swiss"]
[EventRounds "9"]
[EventCountry "ITA"]
[SourceTitle "CBM 114 Extra"]
[Source "ChessBase"]
[SourceDate "2006.11.03"]
[SourceVersion "1"]
[SourceVersionDate "2006.11.03"]
[SourceQuality "1"]

1. d4 d5 2. c4 Nc6 3. e3 Nf6 4. Nf3 Bg4 5. Qb3 Bxf3 6. gxf3 e6 7. Qxb7 Na5 8. Qa6 Bb4+ 9. Bd2 Bxd2+ 10. Nxd2 c6 11. b4 Nxc4 12. Bxc4 dxc4 13. Qxc6+ Nd7 14. Ne4 0-0 15. Rg1 Nb6 16. Qb5 f6 17. Qh5 Nd5 18. Nc5 Qe7 19. a3 a5 20. b5 Rab8 21. a4 Nb4 22. Ke2 e5 23. Rac1 exd4 24. Rxc4 Rbd8 25. Qg4 f5 26. Qf4 Rd5 27. Nb3 dxe3 28. fxe3 Nd3 29. Qg5 Qe5 30. Rd4 Rxd4 31. Nxd4 Nc5 32. f4 Qc7 33. Rc1 Qb6 34. Qe7 Nxa4 35. Ne6 Qxb5+ 36. Kf3 Qd5+ 37. Kg3 1-0

[Event "Trieste op 08th"]
[Site "Trieste"]
[Date "2006.09.05"]
[Round "5"]
[White "Fantini, Marco"]
[Black "Pelosin, Matteo"]
[Result "1-0"]
[WhiteElo "2053"]
[BlackElo "1798"]
[PlyCount "67"]
[EventDate "2006.09.02"]
[EventType "swiss"]
[EventRounds "9"]
[EventCountry "ITA"]
[SourceTitle "CBM 114 Extra"]
[Source "ChessBase"]
[SourceDate "2006.11.03"]
[SourceVersion "1"]
[SourceVersionDate "2006.11.03"]
[SourceQuality "1"]

1. d4 e6 2. Nc3 d5 3. e4 Nf6 4. Bg5 Bb4 5. e5 h6 6. Bd2 Bxc3 7. Bxc3 Ne4 8. Nf3 Nxc3 9. bxc3 c5 10. c4 Nc6 11. cxd5 Qxd5 12. dxc5 Qxc5 13. Rb1 Nxe5 14. Bb5+ Nc6 15. 0-0 0-0 16. Re1 Rd8 17. Bd3 b6 18. Qe2 Bd7 19. Qe4 g6 20. h4 Ne7 21. Ne5 Bc6 22. Qf4 Nf5 23. Nxc6 Qxc6 24. Bxf5 exf5 25. Qxh6 Qxc2 26. h5 Qc6 27. Rb3 Qf6 28. hxg6 fxg6 29. Rbe3 Qg7 30. Qg5 Rf8 31. Re6 Kh7 32. Re7 Rf7 33. Rxf7 Qxf7 34. Re7 1-0

[Event "Trieste op 08th"]
[Site "Trieste"]
[Date "2006.09.03"]
[Round "2"]
[White "Fantini, Marco"]
[Black "Koster, Wim"]
[Result "1/2-1/2"]
[WhiteElo "2053"]
[BlackElo "2202"]
[PlyCount "96"]
[EventDate "2006.09.02"]
[EventType "swiss"]
[EventRounds "9"]
[EventCountry "ITA"]
[SourceTitle "CBM 114 Extra"]
[Source "ChessBase"]
[SourceDate "2006.11.03"]
[SourceVersion "1"]
[SourceVersionDate "2006.11.03"]
[SourceQuality "1"]

1. d4 d5 2. Nc3 Nf6 3. Bg5 Bf5 4. e3 c6 5. Bd3 Bxd3 6. cxd3 Nbd7 7. Nf3 e6 8. 0-0 Be7 9. Ne5 0-0 10. f4 c5 11. dxc5 Nxc5 12. Bxf6 Bxf6 13. d4 Nd7 14. Ne2 g6 15. Rf3 Bg7 16. Nc1 Nf6 17. Ncd3 Ne4 18. Nf2 Rc8 19. Nxe4 dxe4 20. Rf2 f6 21. Qb3 fxe5 22. Qxe6+ Kh8 23. dxe5 Qd3 24. Re1 Rfd8 25. g4 Rc6 26. Qe7 Bf8 27. Qxb7 Qd7 28. Qxd7 Rxd7 29. f5 Bb4 30. Ree2 Kg7 31. Rf4 Rd5 32. Rxe4 Ba5 33. b4 Bc7 34. e6 Be5 35. Rf2 gxf5 36. gxf5 Kf8 37. Kg2 Bf6 38. Kg3 Rc1 39. a4 Ke7 40. b5 Rg1+ 41. Kh3 Rg5 42. Ref4 Rd3 43. Re4 h6 44. Rc2 Rxf5 45. Rc7+ Ke8 46. Rxa7 Rd1 47. Ra8+ Ke7 48. Ra7+ Ke8 1/2-1/2

[Event "Nova Gorica op-B 11th"]
[Site "Nova Gorica"]
[Date "2006.01.29"]
[Round "4"]
[White "Fantini, Marco"]
[Black "Visintin, Roberto"]
[Result "0-1"]
[WhiteElo "2062"]
[BlackElo "1985"]
[PlyCount "98"]
[EventDate "2006.01.27"]
[EventType "swiss"]
[EventRounds "9"]
[EventCountry "SLO"]
[SourceTitle "CBM 110 Extra"]
[Source "ChessBase"]
[SourceDate "2006.03.10"]
[SourceVersion "2"]
[SourceVersionDate "2006.03.10"]
[SourceQuality "1"]

1. d4 d5 2. Nc3 c6 3. Bg5 h6 4. Bh4 Qb6 5. Qd2 Bf5 6. 0-0-0 e6 7. e4 Bxe4 8. Nxe4 dxe4 9. f3 e3 10. Qxe3 Be7 11. Bf2 Nf6 12. Bc4 Nbd7 13. Nh3 0-0-0 14. Nf4 Rhe8 15. Kb1 Nd5 16. Bxd5 exd5 17. Rhe1 Nf6 18. Bg3 Bb4 19. Qd3 Bxe1 20. Qf5+ Rd7 21. Bxe1 Qxd4 22. Nd3 Qe3 23. Bg3 Qg5 24. Qh3 Qh5 25. Qxh5 Nxh5 26. Be5 Rde7 27. g4 Nf6 28. Bd4 b6 29. b4 Re2 30. h4 R8e7 31. Rh1 Ne8 32. Kc1 f6 33. Kd1 g5 34. hxg5 hxg5 35. Rh6 R2e6 36. Rh8 Rf7 37. a4 Kb7 38. b5 cxb5 39. axb5 Nd6 40. Bf2 Nxb5 41. Kd2 a5 42. Bg3 Rfe7 43. Rb8+ Ka7 44. Rd8 d4 45. Rd5 Re2+ 46. Kc1 Na3 47. Rxd4 Rxc2+ 48. Kd1 Rc6 49. Bd6 Nc2 0-1

[Event "Nova Gorica op-B 11th"]
[Site "Nova Gorica"]
[Date "2006.01.28"]
[Round "2"]
[White "Fantini, Marco"]
[Black "Mirkovic, Nikola"]
[Result "1-0"]
[WhiteElo "2062"]
[BlackElo "1688"]
[PlyCount "91"]
[EventDate "2006.01.27"]
[EventType "swiss"]
[EventRounds "9"]
[EventCountry "SLO"]
[SourceTitle "CBM 110 Extra"]
[Source "ChessBase"]
[SourceDate "2006.03.10"]
[SourceVersion "2"]
[SourceVersionDate "2006.03.10"]
[SourceQuality "1"]

1. d4 d5 2. Nc3 c6 3. f3 e6 4. e4 Bb4 5. Nh3 dxe4 6. fxe4 Nf6 7. Nf2 Qa5 8. Bd2 0-0 9. a3 Bxc3 10. Bxc3 Qc7 11. Qf3 Nbd7 12. e5 Nd5 13. Bd3 c5 14. 0-0 cxd4 15. Bxd4 Nxe5 16. Bxh7+ Kxh7 17. Qh5+ Kg8 18. Bxe5 Qxc2 19. Ng4 f6 20. Bd6 Rf7 21. Ne5 g6 22. Nxg6 Rh7 23. Qg4 Rg7 24. Rxf6 Nxf6 25. Ne7+ Kf7 26. Qh3 Qxb2 27. Rd1 e5 28. Nxc8 Rxc8 29. Bxe5 Qb6+ 30. Bd4 Qc6 31. Rf1 Rg6 32. Qh7+ Rg7 33. Qf5 Kg8 34. Qh3 Rf8 35. g3 Rh7 36. Qf5 Rh6 37. Qg5+ Kh7 38. Qf5+ Rg6 39. Re1 Re8 40. Rf1 Qe4 41. Qc5 Qe7 42. Qxa7 Rd8 43. Qb6 Nd5 44. Qb3 Rgd6 45. Bc5 Ne3 46. Rf7+ 1-0

[Event "Nova Gorica op-B 10th"]
[Site "Nova Gorica"]
[Date "2005.01.31"]
[Round "5"]
[White "Fantini, Marco"]
[Black "Skok, Joze"]
[Result "0-1"]
[WhiteElo "1850"]
[BlackElo "2102"]
[PlyCount "78"]
[EventDate "2005.01.28"]
[EventType "swiss"]
[EventRounds "9"]
[EventCountry "SLO"]
[SourceTitle "CBM 104 Extra"]
[Source "ChessBase"]
[SourceDate "2005.03.01"]
[SourceVersion "1"]
[SourceVersionDate "2005.03.01"]
[SourceQuality "1"]

1. d4 Nf6 2. Nc3 d5 3. Bg5 Ne4 4. Nxe4 dxe4 5. e3 g6 6. Bc4 Bg7 7. Ne2 c5 8. c3 cxd4 9. exd4 0-0 10. Ng3 Qc7 11. Qe2 Bf5 12. Bb3 Nc6 13. 0-0 h6 14. Bh4 Qf4 15. Nxf5 gxf5 16. Bg3 Qg5 17. f3 f4 18. Be1 e3 19. g3 Rad8 20. Kh1 e5 21. dxe5 Nxe5 22. gxf4 Qxf4 23. Bg3 Qg5 24. f4 Qg4 25. Qxe3 Rd3 26. Qe4 Qh3 27. Rg1 Ng4 28. Qxd3 Nf2+ 29. Bxf2 Qxd3 30. Rg2 Kh8 31. Rxg7 Kxg7 32. Rg1+ Kf6 33. Bd4+ Kf5 34. Rg2 Qf1+ 35. Bg1 Qf3 36. Bc2+ Ke6 37. h3 Rg8 38. Bb3+ Kd7 39. Ba4+ Kc7 0-1